| 000 | 00968nam a22002297a 4500 | ||
|---|---|---|---|
| 005 | 20250127120140.0 | ||
| 008 | 250127b |||||||| |||| 00| 0 eng d | ||
| 020 | _a978-93-55161-45-1 (hbk) | ||
| 037 | _cTB | ||
| 040 |
_aAL _cAL |
||
| 041 |
_2hin _ahin |
||
| 084 |
_aQ2 152R4 _qAL |
||
| 100 |
_aदेसाई, विशाल _9734837 |
||
| 245 |
_aहिन्दुत्व: _bहिन्दू राष्ट्रवाद के विचार की खोज |
||
| 260 |
_aनई दिल्ली, भारत: _bसुमित एंटेरप्राइजेज़, _c2024 |
||
| 300 | _a294 पृ0 | ||
| 365 |
_b1495.00 _cINR |
||
| 650 |
_aधर्म _9734838 |
||
| 653 | _aधर्म | ||
| 942 |
_2CC _cTB _hQ2 152R4 _n0 |
||
| 999 |
_c1238265 _d1238265 |
||